00651 2200253 4500001002100000005001500021035002000036007000300056008004100059082001200100084001800112100002600130245003400156250001000190300002900200650001800229650001200247264004000259336002100299337003000320338002300350990001200373990001200385INLIS00000000000009020230712101635 a0010-0723000066ta230712 0  a297.324 a297.324 MOH k0 aMoh Rifa'iePengarang1 aKhutbah Teladan /cMoh Rifa'i acet 1 a128 hlm :bilus ;c21 cm 4aAgama - Islam 4aCeramah aSemarang :bKarya Toha Putra,c1978 2rdacontentateks 2rdamediaatanpa perantara 2rdacarrieravolume a17.0129 a17.0188